TNA Wrestling Champions by Year - 2004 - Statistics

General Stats
  • This quiz has been taken 75 times
  • The average score is 27 of 33
Answer Stats
Title Date Event Wrestler % Correct
World Heavyweight April 21 Weekly PPV #94 AJ Styles
100%
X-Division June 9 Weekly PPV #101 AJ Styles
100%
Tag Team February 4 Weekly PPV #83 AJ Styles
100%
World Heavyweight June 2 Weekly PPV #100 Jeff Jarrett
100%
Tag Team November 7 Victory Road BG James
97%
Tag Team June 4 TNA Impact! James Storm
97%
Tag Team September 24 TNA Impact! James Storm
97%
Tag Team September 24 TNA Impact! Christopher Daniels
94%
Tag Team November 7 Victory Road Konnan
94%
World Heavyweight May 19 Weekly PPV #98 Ron Killings
94%
Tag Team October 15 TNA Impact! Bobby Roode
91%
Tag Team December 5 Turning Point Bobby Roode
91%
Tag Team June 4 TNA Impact! Chris Harris
91%
Tag Team September 8 Weekly PPV #114 Chris Harris
91%
X-Division January 7 Weekly PPV #79 Chris Sabin
88%
X-Division March 31 Weekly PPV #91 Kazarian
88%
X-Division July 28 Weekly PPV #108 Kazarian
88%
Tag Team February 4 Weekly PPV #83 Abyss
85%
Tag Team October 15 TNA Impact! Eric Young
82%
Tag Team December 5 Turning Point Eric Young
82%
X-Division August 11 Weekly PPV #110 Petey Williams
79%
Tag Team April 14 Weekly PPV #93 D'Lo Brown
76%
Tag Team July 7 Weekly PPV #105 Chase Stevens
70%
Tag Team September 8 Weekly PPV #114 Elix Skipper
70%
Tag Team April 7 Weekly PPV #92 Kid Kash
70%
Tag Team April 21 Weekly PPV #94 Kid Kash
70%
Tag Team July 7 Weekly PPV #105 Andy Douglas
67%
X-Division July 28 Weekly PPV #108 Michael Shane
67%
Tag Team April 14 Weekly PPV #93 Apolo
61%
Tag Team April 7 Weekly PPV #92 Dallas
58%
Tag Team April 21 Weekly PPV #94 Dallas
58%
Tag Team January 28 Weekly PPV #82 Joe Legend
58%
Tag Team January 28 Weekly PPV #82 Kevin Northcutt
58%
No matching quizzes found
Score Distribution
Percent of People with Each Score
Percentile by Number Answered
Your Score History
You have not taken this quiz